[Event "GER-ch52 V05 email"]
[Site "GER email"]
[Date "2020.04.16"]
[Round "?"]
[White "Reinecke, Rudolf"]
[Black "Osterburg, Klaus Juergen"]
[Result "1/2-1/2"]
[WhiteElo "2307"]
[BlackElo "2333"]
[PlyCount "79"]
[EventDate "2020.??.??"]
[EventType "tourn (corr)"]
[EventRounds "10"]
[EventCountry "GER"]
[SourceTitle "Corr 2022"]
[Source "ChessBase"]
[SourceDate "2021.10.24"]
[SourceVersion "1"]
[SourceVersionDate "2021.10.24"]
[SourceQuality "1"]

1. d4 Nf6 2. c4 g6 3. Nc3 d5 4. cxd5 Nxd5 5. e4 Nxc3 6. bxc3 Bg7 7. Bb5+ c6 8. Ba4 0-0 9. Ne2 b5 10. Bb3 a5 11. Be3 Nd7 12. h4 a4 13. Bc2 Nb6 14. Bd3 e5 15. dxe5 Bxe5 16. Nd4 Be6 17. Qd2 Nc4 18. Bxc4 Bxc4 19. Nxc6 Qxd2+ 20. Kxd2 Bd6 21. a3 Rae8 22. e5 Bxe5 23. Nxe5 Rxe5 24. Rad1 f6 25. Kc1 Bd5 26. Rhg1 h5 27. Bd4 Rf5 28. Kd2 Bb3 29. Rde1 Kf7 30. f3 Rg8 31. Rh1 Bc4 32. Re4 Bd5 33. Re2 g5 34. hxg5 Rfxg5 35. Rf2 Rxg2 36. Rxh5 Ke6 37. Ke3 R2g5 38. Rxg5 Rxg5 39. Kf4 Rh5 40. Re2+ 1/2-1/2

[Event "GER-ch49 V04 email"]
[Site "GER email"]
[Date "2017.04.03"]
[Round "?"]
[White "Hildebrand, Gerald"]
[Black "Reinecke, Rudolf"]
[Result "1/2-1/2"]
[WhiteElo "2327"]
[BlackElo "2284"]
[PlyCount "78"]
[EventDate "2017.??.??"]
[EventType "tourn (corr)"]
[EventRounds "10"]
[EventCountry "GER"]
[SourceTitle "Corr 2020"]
[Source "ChessBase"]
[SourceDate "2019.09.30"]
[SourceVersion "1"]
[SourceVersionDate "2019.09.30"]
[SourceQuality "1"]

1. d4 d5 2. c4 c6 3. e3 e6 4. Nf3 Nf6 5. Nc3 Nbd7 6. Bd3 dxc4 7. Bxc4 b5 8. Bd3 Bb7 9. 0-0 a6 10. e4 c5 11. d5 Qc7 12. dxe6 fxe6 13. Re1 c4 14. Bc2 Bc5 15. h3 Rd8 16. Qe2 0-0 17. Be3 Nh5 18. Bxc5 Nxc5 19. Red1 Rc8 20. Qe3 Nf4 21. Ne2 Nfd3 22. Bxd3 Nxd3 23. b3 Qc5 24. bxc4 bxc4 25. Qxc5 Nxc5 26. Ne5 Bxe4 27. Rd4 Bd3 28. Re1 Rfd8 29. Nc6 Rxd4 30. Nexd4 Re8 31. Ne5 Rb8 32. a3 Rb2 33. Nxc4 Bxc4 34. Rc1 Rxf2 35. Rxc4 Rf4 36. g3 Re4 37. Rxc5 Rxd4 38. Ra5 Rd6 39. Kf2 Rc6 1/2-1/2

[Event "GER-ch49 V04 email"]
[Site "GER email"]
[Date "2017.04.03"]
[Round "?"]
[White "Reinecke, Rudolf"]
[Black "Zorr, Steffen"]
[Result "1/2-1/2"]
[WhiteElo "2284"]
[BlackElo "2355"]
[PlyCount "44"]
[EventDate "2017.??.??"]
[EventType "tourn (corr)"]
[EventRounds "10"]
[EventCountry "GER"]
[SourceTitle "Corr 2020"]
[Source "ChessBase"]
[SourceDate "2019.09.30"]
[SourceVersion "1"]
[SourceVersionDate "2019.09.30"]
[SourceQuality "1"]

1. d4 Nf6 2. Nf3 e6 3. c4 b6 4. g3 Ba6 5. b3 Bb4+ 6. Bd2 Be7 7. Bg2 c6 8. Bc3 d5 9. 0-0 Nbd7 10. Nbd2 0-0 11. Re1 Bb7 12. e4 dxe4 13. Nxe4 c5 14. Nfg5 cxd4 15. Bxd4 Qc7 16. Nxf6+ Bxf6 17. Bxb7 Qxb7 18. Bxf6 Nxf6 19. Qf3 Qc7 20. Qe2 Rad8 21. Nf3 Rfe8 22. Rad1 Rxd1 1/2-1/2

[Event "GER-ch49 V04 email"]
[Site "GER email"]
[Date "2017.04.03"]
[Round "?"]
[White "Schulz, Rene"]
[Black "Reinecke, Rudolf"]
[Result "1/2-1/2"]
[WhiteElo "2184"]
[BlackElo "2284"]
[PlyCount "79"]
[EventDate "2017.??.??"]
[EventType "tourn (corr)"]
[EventRounds "10"]
[EventCountry "GER"]
[SourceTitle "Corr 2017"]
[Source "ChessBase"]
[SourceDate "2017.09.19"]
[SourceVersion "1"]
[SourceVersionDate "2017.09.19"]
[SourceQuality "1"]

1. e4 e6 2. d4 d5 3. Nc3 Nf6 4. e5 Nfd7 5. f4 c5 6. Nf3 Nc6 7. Be3 cxd4 8. Nxd4 Bc5 9. Qd2 0-0 10. 0-0-0 Nxd4 11. Bxd4 a6 12. Qe3 Qc7 13. Bd3 Bxd4 14. Qxd4 b5 15. Rhe1 Qc5 16. Ne2 Re8 17. Qxc5 Nxc5 18. a3 Bd7 19. g4 a5 20. b3 b4 21. a4 Bc8 22. Nd4 Ba6 23. Re3 Rac8 24. Kb2 h6 25. h4 Bxd3 26. cxd3 f6 27. h5 Nd7 28. exf6 Nxf6 29. Rg1 Rc3 30. Nb5 d4 31. Rf3 Rec8 32. Nxc3 bxc3+ 33. Kc1 Nd5 34. g5 Kf7 35. gxh6 gxh6 36. f5 e5 37. f6 Nb4 38. Rg7+ Kf8 39. Rh7 Na2+ 40. Kc2 1/2-1/2